Rethinking Marketing : Qualitative Strategies and Exotic Visions /

Guardado en:
Bibliografiske detaljer
Hovedforfatter: Walle III, Alf H. (autor)
Format: Bog
Sprog:engelsk
Udgivet: Westport, EUA : Quorum, 2001, c2001
Fag:
Tags: Tilføj Tag
Ingen Tags, Vær først til at tagge denne postø!

MARC

LEADER 00000nam^a2200000^a^4500
001 000167430
005 20250521000000.0
009 20260310101127.275
020 |a 1-56720-388-4 
037 |a Acervo ITESO - Biblioteca 
041 |a ING 
082 |a 658. 800725  |b WAL 
100 |a Walle III, Alf H.  |e (autor) 
245 1 0 |a Rethinking Marketing :  |b Qualitative Strategies and Exotic Visions /  |c A.H. Walle III. 
264 4 |a Westport, EUA :  |b Quorum,  |c 2001, c2001 
300 |a XIV, 211 p. 
336 |a texto  |b txt  |2 rdacontenido 
337 |a sin mediación  |b n  |2 rdamedio 
338 |a volumen  |b nc  |2 rdasoporte 
649 |a XX 
650 |a Comportamiento del Consumidor -  |x Aspectos Sociales y Culturales 
650 |a Investigación de Mercado -  |x Metodología 
650 |a Planeación Estratégica -  |x Investigación 
650 |a Planeación Estratégica -  |x Aspectos Sociales y Culturales 
650 |a Estrategia Mercadotécnica -  |x Aspectos Sociales y Culturales 
650 |a Metodología Cualitativa 
650 |a Metodología 
650 |a Mercadotecnia -  |x Aspectos Sociales y Culturales 
650 |a Mercadotecnia -  |x Metodología 
650 |a Mercadotecnia 
650 |a Ciencias Administrativas 
910 |a Fondo General 
920 |a Impresos - Libros 
930 |a Colección General 
905 |a 101 
901 |a 0500103124  |b IT1  |c ACC  |u 20250521 
902 |a https://opac.biblio.iteso.mx/vufind/Record/000167430